The mountain Arabs : a window on the Middle East /

محفوظ في:

المؤلف الرئيسي: Sykes, John, 1959- (مؤلف)

التنسيق: كتاب

اللغة: English

منشور في: Philadelphia : Chilton Book Co., [1968].

الطبعة: [1st ed.]

الموضوعات:

الوسوم: إضافة وسم

لا توجد وسوم, كن أول من يضع وسما على هذه التسجيلة!

رقم الطلب: DS57 .S95 1968

LEADER 00704namaa2200241 4500
001 20794
003 OSt
005 20260312113458.0
008 130303s1968 pau 000 0 eng d
010 |a 79392431 
040 |c ARCE Library 
043 |a a-le--- 
050 4 |a DS57 .S95 1968 
100 1 |a Sykes, John,  |d 1959-  |e author  |9 40748 
245 1 4 |a The mountain Arabs :  |b a window on the Middle East /   |c John Sykes. 
250 |a [1st ed.] 
264 1 |a Philadelphia :   |b Chilton Book Co.,   |c [1968]. 
300 |a 229 pages ;   |c 21 cm. 
650 0 |a Israel-Arab War, 1967  |x Personal narratives. 
651 0 |a Lebanon   |x Social life and customs.  |9 18573 
901 |a reviewed 
942 |c BK  |2 lcc 
999 |c 17234  |d 17234